The International System of Units (Record no. 543493)

000 -LEADER
fixed length control field 00403nam a22001457a 4500
020 ## - INTERNATIONAL STANDARD BOOK NUMBER
International Standard Book Number 11 480023 5
082 ## - DEWEY DECIMAL CLASSIFICATION NUMBER
Classification number 389.152
Author Mark INT
-- D
100 ## - MAIN ENTRY--PERSONAL NAME
Personal name J. Terrien
9 (RLIN) 38872
245 ## - TITLE STATEMENT
Title The International System of Units
260 ## - PUBLICATION, DISTRIBUTION, ETC.
Place of publication, distribution, etc. Her Majesty's Stationery Office
Name of publisher, distributor, etc. London
Date of publication, distribution, etc. 1970
300 ## - PHYSICAL DESCRIPTION
Extent xi, 45 p, :
Other physical details ill, :
Dimensions 12 Cm
526 ## - STUDY PROGRAM INFORMATION NOTE
Program name 0
Interest level 0
Reading level 0
Title point value 389_152000000000000_INT
650 ## - SUBJECT ADDED ENTRY--TOPICAL TERM
Topical term or geographic name entry element D
9 (RLIN) 6527
942 ## - ADDED ENTRY ELEMENTS (KOHA)
Source of classification or shelving scheme
Koha item type Book
Holdings
Withdrawn status Lost status Source of classification or shelving scheme Damaged status Not for loan Permanent Location Current Location Date acquired Total Checkouts Full call number Barcode Date last seen Price effective from Koha item type
          Military College of Engineering (MCE) Military College of Engineering (MCE) 03/26/2014   389.152 INT MCE-43313 03/26/2014 03/26/2014 Book
© 2023 Central Library, National University of Sciences and Technology. All Rights Reserved.